000 01655cam a22004574i 4500
003 PE-LiUPU
005 20250731172936.0
008 150623s1996 miu rb 000 0 eng d
020 _a0802842577
035 _a(Sirsi) i9780802842572
040 _aPE-LiUPU
_bspa
_cPE-LiUPU
_erda
049 _aPRUA
082 0 4 _a232.109 015
_bD97
_221
100 1 _aDunn, James D. G.,
_d1939-,
_eautor.
245 1 0 _aChristology in the making :
_ba new testament inquiry into the origins of the doctrine of the incarnation.
264 1 _aMichigan :
_bWilliam B. Eerdmans Publishing Company,
_c1996.
300 _a443 páginas ;
_c23 centímetros
336 _atext
_2rdacontent
337 _aunmediated
_2rdamedia
338 _avolume
_2rdacarrier
504 _aIncluye bibliografía.
505 0 _aIntroduction -- The son of God -- The son of man -- The last adam -- Spirit or angel? -- The wisdom of God -- The word of God -- Conclusion.
526 _aSEG42
526 _aSEG41
526 _aSEG40
526 _aSEG39
526 _aP94
526 _aP87
526 _aP86
526 _aP85
526 _aP77
526 _aP76
526 _aP35
650 0 4 _aENCARNACION.
_93836
942 _2ddc
_cBOOK
949 _a232.109 015 D97
_wDEWEY
_c1
_i44384
_lCCODEBUL1
_mBUL
_r0
_sY
_tBOOK
_u2015-6-24
_xTEOLOGIA
_PP35
_0COMPRA
_o.STAFF. Colección Teología
994 _aC0
_bPEPRU
596 _a1
999 _a232.109 015 D97
_wDEWEY
_c21264
_i44384
_f2021-11-10
_g5
_lCCODEBUL1
_mBUL
_p30.00
_r0
_sY
_tBOOK
_u2015-6-24
_xTEOLOGIA
_PP35
_0COMPRA
_o.STAFF. Colección Teología
_d21264
980 _81
_gALBERTO SANCHEZ Responsable de Automatización